[Event "ZN-2015-0-03182"]
[Site "LSS email"]
[Date "2015.11.18"]
[Round "?"]
[White "Nesterenko, Tolik"]
[Black "Belter, Edmund"]
[Result "1-0"]
[WhiteElo "1120"]
[BlackElo "1096"]
[PlyCount "20"]
[EventDate "2015.11.13"]
[EventType "match (corr)"]
[EventRounds "2"]
[EventCountry "GER"]
[SourceTitle "Corr 2022"]
[Source "ChessBase"]
[SourceDate "2021.10.24"]
[SourceVersion "1"]
[SourceVersionDate "2021.10.24"]
[SourceQuality "1"]

1. e4 e5 2. Nf3 Nc6 3. Bc4 Nf6 4. 0-0 Bc5 5. d3 0-0 6. c3 h6 7. b4 Bb6 8. b5 Re8 9. bxc6 dxc6 10. Nbd2 a5 1-0

[Event "ZN-2015-0-03180"]
[Site "LSS email"]
[Date "2015.11.17"]
[Round "?"]
[White "Kozarik, VladimaR"]
[Black "Nesterenko, Tolik"]
[Result "1-0"]
[WhiteElo "976"]
[BlackElo "1120"]
[PlyCount "65"]
[EventDate "2015.11.10"]
[EventType "match (corr)"]
[EventRounds "2"]
[EventCountry "GER"]
[SourceTitle "Corr 2022"]
[Source "ChessBase"]
[SourceDate "2021.10.24"]
[SourceVersion "1"]
[SourceVersionDate "2021.10.24"]
[SourceQuality "1"]

1. c4 c5 2. e4 Nc6 3. Nf3 d6 4. Nc3 Nf6 5. Be2 e6 6. d3 Be7 7. Qb3 Rb8 8. Bf4 0-0 9. h3 h6 10. a3 a6 11. Qc2 b5 12. 0-0 Bd7 13. cxb5 axb5 14. Na2 b4 15. axb4 Nxb4 16. Nxb4 Rxb4 17. b3 Qb6 18. Rfb1 Rb8 19. Be3 Rxb3 20. Rxb3 Qxb3 21. Qxb3 Rxb3 22. g4 Rb7 23. Kg2 e5 24. Nh4 Nxg4 25. Bxg4 Bxg4 26. hxg4 Bxh4 27. Ra6 Be7 28. Ra3 d5 29. exd5 Rd7 30. Ra8+ Kh7 31. Re8 Bf6 32. Bxc5 Rxd5 33. Be3 1-0

[Event "RN-2015-0-01048"]
[Site "LSS email"]
[Date "2015.11.16"]
[Round "?"]
[White "Cherry, Brian"]
[Black "Nesterenko, Tolik"]
[Result "0-1"]
[WhiteElo "502"]
[BlackElo "1120"]
[PlyCount "38"]
[EventDate "2015.11.09"]
[EventType "tourn (corr)"]
[EventRounds "6"]
[EventCountry "GER"]
[SourceTitle "Corr 2022"]
[Source "ChessBase"]
[SourceDate "2021.10.24"]
[SourceVersion "1"]
[SourceVersionDate "2021.10.24"]
[SourceQuality "1"]

1. e4 e5 2. Nf3 Nc6 3. d4 exd4 4. Nxd4 Nf6 5. Nxc6 bxc6 6. f3 Bc5 7. Qe2 h6 8. Be3 Qe7 9. Nd2 0-0 10. g4 Bxe3 11. Qxe3 Re8 12. h4 d5 13. Bg2 dxe4 14. 0-0-0 exf3 15. Qxf3 Bxg4 16. Qg3 Bxd1 17. Bxc6 Bxc2 18. Bxa8 Rxa8 19. Rg1 Bg6 0-1

[Event "RN-2015-0-01048"]
[Site "LSS email"]
[Date "2015.11.16"]
[Round "?"]
[White "Nesterenko, Tolik"]
[Black "Bieszk, Stanislaw"]
[Result "1-0"]
[WhiteElo "1120"]
[BlackElo "867"]
[PlyCount "93"]
[EventDate "2015.11.09"]
[EventType "tourn (corr)"]
[EventRounds "6"]
[EventCountry "GER"]
[SourceTitle "Corr 2022"]
[Source "ChessBase"]
[SourceDate "2021.10.24"]
[SourceVersion "1"]
[SourceVersionDate "2021.10.24"]
[SourceQuality "1"]

1. d4 Nf6 2. Nf3 c5 3. dxc5 Qa5+ 4. Nc3 Ne4 5. Bd2 Nxd2 6. Qxd2 Qxc5 7. e4 Nc6 8. Nd5 Qd6 9. 0-0-0 e6 10. Nf6+ gxf6 11. Qxd6 Bxd6 12. Rxd6 Ke7 13. Rd2 Ne5 14. Nd4 a6 15. Be2 b5 16. f4 Ng6 17. Rf1 Bb7 18. Bd3 Rac8 19. g3 Rc7 20. Kd1 Rhc8 21. Nb3 d5 22. Re1 dxe4 23. Bxe4 Bxe4 24. Rxe4 Rd7 25. Rxd7+ Kxd7 26. a4 Ne7 27. axb5 axb5 28. Rb4 Rd8 29. Ke2 Rc8 30. c3 Rb8 31. c4 Nc6 32. Rxb5 Rxb5 33. cxb5 Na7 34. b6 Nc6 35. Nc5+ Kc8 36. Ke3 Nb4 37. Kd4 Nd5 38. f5 Nxb6 39. fxe6 fxe6 40. Nxe6 Nd7 41. Kd5 Nb6+ 42. Kc6 Nc4 43. b4 Ne5+ 44. Kb6 Nf3 45. Ka7 Nxh2 46. b5 Nf1 47. b6 1-0

[Event "OP-2015-0-03859"]
[Site "LSS email"]
[Date "2015.11.05"]
[Round "?"]
[White "Nesterenko, Tolik"]
[Black "Linart, Ludvik"]
[Result "0-1"]
[WhiteElo "1063"]
[BlackElo "1556"]
[PlyCount "66"]
[EventDate "2015.10.29"]
[EventType "tourn (corr)"]
[EventRounds "4"]
[EventCountry "GER"]
[SourceTitle "Corr 2022"]
[Source "ChessBase"]
[SourceDate "2021.10.24"]
[SourceVersion "1"]
[SourceVersionDate "2021.10.24"]
[SourceQuality "1"]

1. e4 e5 2. Nf3 Nc6 3. Bc4 Nf6 4. 0-0 d6 5. Re1 Be7 6. c3 0-0 7. h3 Nxe4 8. Rxe4 d5 9. Re1 dxc4 10. Nxe5 Nxe5 11. Rxe5 Bf6 12. Re1 c6 13. Na3 b5 14. Nc2 Be6 15. d4 cxd3 16. Nb4 Bc4 17. Nxc6 Qc7 18. Nd4 b4 19. Bd2 Rad8 20. Qa4 bxc3 21. bxc3 Rc8 22. Rac1 Rfd8 23. Nf5 Qc5 24. Ne3 Bb5 25. Qa5 Bd7 26. Qxc5 Rxc5 27. c4 Be6 28. Bb4 Rcc8 29. Red1 h5 30. Rd2 Bg5 31. c5 f5 32. Rb2 f4 33. Nc4 f3 0-1

[Event "OP-2015-0-03859"]
[Site "LSS email"]
[Date "2015.11.05"]
[Round "?"]
[White "Vontina, Maria"]
[Black "Nesterenko, Tolik"]
[Result "0-1"]
[WhiteElo "840"]
[BlackElo "1063"]
[PlyCount "70"]
[EventDate "2015.10.29"]
[EventType "tourn (corr)"]
[EventRounds "4"]
[EventCountry "GER"]
[SourceTitle "Corr 2022"]
[Source "ChessBase"]
[SourceDate "2021.10.24"]
[SourceVersion "1"]
[SourceVersionDate "2021.10.24"]
[SourceQuality "1"]

1. e4 e5 2. Nf3 Nf6 3. Nxe5 d6 4. Nf3 Nxe4 5. d4 d5 6. Bd3 Bd6 7. 0-0 0-0 8. Re1 Re8 9. c4 c6 10. cxd5 cxd5 11. Nc3 Nxc3 12. bxc3 h6 13. Bd2 Nc6 14. Qc2 Be6 15. Ne5 Qc7 16. Nf3 Bg4 17. Be2 Bxf3 18. Bxf3 Nxd4 19. Rxe8+ Rxe8 20. Qd3 Nxf3+ 21. Qxf3 Bxh2+ 22. Kh1 Be5 23. Qg4 Qc8 24. Qf3 Qc4 25. Rb1 Qh4+ 26. Qh3 Qxf2 27. Qe3 Qh4+ 28. Qh3 Qxh3+ 29. gxh3 b6 30. Kg2 Rc8 31. Kf3 Bxc3 32. Bf4 Bf6 33. Rc1 Rxc1 34. Bxc1 Kf8 35. Kf4 Bg5+ 0-1

[Event "OP-2015-0-03855"]
[Site "LSS email"]
[Date "2015.10.29"]
[Round "?"]
[White "Nesterenko, Tolik"]
[Black "Sanchez Blanque, Antonio"]
[Result "0-1"]
[WhiteElo "1073"]
[BlackElo "1196"]
[PlyCount "56"]
[EventDate "2015.10.26"]
[EventType "tourn (corr)"]
[EventRounds "4"]
[EventCountry "GER"]
[SourceTitle "Corr 2022"]
[Source "ChessBase"]
[SourceDate "2021.10.24"]
[SourceVersion "1"]
[SourceVersionDate "2021.10.24"]
[SourceQuality "1"]

1. e4 e5 2. Nf3 Nf6 3. Nxe5 d6 4. Nf3 Nxe4 5. d3 Nf6 6. d4 Bg4 7. Be2 Be7 8. 0-0 0-0 9. Bg5 Nd5 10. Bxe7 Qxe7 11. Nbd2 Re8 12. Re1 Qf6 13. Bc4 Ne7 14. c3 Nd7 15. Qb3 Bxf3 16. Nxf3 Nb6 17. Bd3 Ng6 18. a4 Nf4 19. Qd1 Rxe1+ 20. Nxe1 Re8 21. a5 Nbd5 22. Qf3 Nxd3 23. Qxf6 Nxf6 24. Nxd3 Ne4 25. Re1 Kf8 26. Re2 Nf6 27. Rxe8+ Kxe8 28. Kf1 Kd7 0-1

[Event "ZN-2015-0-03158"]
[Site "LSS email"]
[Date "2015.10.09"]
[Round "?"]
[White "Gamba, Juan Manuel"]
[Black "Nesterenko, Tolik"]
[Result "0-1"]
[WhiteElo "954"]
[BlackElo "1118"]
[PlyCount "34"]
[EventDate "2015.10.05"]
[EventType "match (corr)"]
[EventRounds "2"]
[EventCountry "GER"]
[SourceTitle "Corr 2022"]
[Source "ChessBase"]
[SourceDate "2021.10.24"]
[SourceVersion "1"]
[SourceVersionDate "2021.10.24"]
[SourceQuality "1"]

1. e4 c5 2. Nf3 d6 3. Bb5+ Bd7 4. Bxd7+ Nxd7 5. 0-0 Ngf6 6. Re1 Qc7 7. Nc3 e6 8. d4 cxd4 9. Nxd4 Be7 10. Be3 a6 11. f3 0-0 12. Qe2 Rac8 13. Rad1 b5 14. a3 Nb6 15. e5 dxe5 16. Nb3 Nc4 17. Bc1 Nxa3 0-1

[Event "RN-2015-0-01033"]
[Site "LSS email"]
[Date "2015.10.09"]
[Round "?"]
[White "Gorman, Andrew"]
[Black "Nesterenko, Tolik"]
[Result "0-1"]
[WhiteElo "852"]
[BlackElo "1118"]
[PlyCount "80"]
[EventDate "2015.09.23"]
[EventType "tourn (corr)"]
[EventRounds "6"]
[EventCountry "GER"]
[SourceTitle "Corr 2022"]
[Source "ChessBase"]
[SourceDate "2021.10.24"]
[SourceVersion "1"]
[SourceVersionDate "2021.10.24"]
[SourceQuality "1"]

1. d4 Nf6 2. c4 g6 3. Nf3 Bg7 4. Nc3 d6 5. e4 0-0 6. h3 e5 7. d5 Nbd7 8. Be3 Re8 9. g4 Nc5 10. Bxc5 dxc5 11. Bd3 a6 12. Qc2 Bd7 13. 0-0-0 Qe7 14. a3 Reb8 15. g5 Nh5 16. Rh2 b5 17. Kd2 Nf4 18. b3 Nxd3 19. Kxd3 bxc4+ 20. bxc4 Rb6 21. h4 Bg4 22. Ke3 Rab8 23. Ra1 Rb2 24. Qd3 Bxf3 25. Kxf3 R8b3 26. Rc1 Rxa3 27. Qf1 Rbb3 28. Rh3 Rxc3+ 29. Rxc3 Rxc3+ 30. Kg2 Rxh3 31. Kxh3 f6 32. Qa1 Qd6 33. f3 fxg5 34. hxg5 Qb6 35. Qa3 h6 36. gxh6 Bxh6 37. Kg4 Qf6 38. Qxc5 Qf4+ 39. Kh3 Qxf3+ 40. Kh4 g5# 0-1

[Event "RN-2015-0-01033"]
[Site "LSS email"]
[Date "2015.10.09"]
[Round "?"]
[White "Nesterenko, Tolik"]
[Black "Vontina, Maria"]
[Result "1/2-1/2"]
[WhiteElo "1118"]
[BlackElo "749"]
[PlyCount "85"]
[EventDate "2015.09.23"]
[EventType "tourn (corr)"]
[EventRounds "6"]
[EventCountry "GER"]
[SourceTitle "Corr 2022"]
[Source "ChessBase"]
[SourceDate "2021.10.24"]
[SourceVersion "1"]
[SourceVersionDate "2021.10.24"]
[SourceQuality "1"]

1. e4 e6 2. d4 d5 3. exd5 exd5 4. Bd3 Nf6 5. Nf3 Bg4 6. 0-0 Be7 7. Re1 0-0 8. Bg5 Nbd7 9. Nbd2 c6 10. c3 Re8 11. Qc2 Qc7 12. Ne5 Bh5 13. Nxd7 Qxd7 14. Bxf6 Bxf6 15. Bxh7+ Kh8 16. Bd3 Rxe1+ 17. Rxe1 Re8 18. Rxe8+ Qxe8 19. Nf1 Qe1 20. Qd2 Qxd2 21. Nxd2 Bg5 22. Nb3 b6 23. Ba6 f6 24. Bb7 Be8 25. Kf1 Kg8 26. Ke2 Kf7 27. g3 f5 28. f4 Bf6 29. Kd3 g6 30. c4 dxc4+ 31. Kxc4 Ke7 32. Nc1 Kd6 33. a4 Kc7 34. Ba6 Bf7+ 35. Kd3 Kd6 36. Bc4 Be8 37. b3 c5 38. Ne2 cxd4 39. Nxd4 Kc5 40. Ne6+ Kd6 41. Nd4 Bg7 42. Ne6 Bf6 43. Nd4 1/2-1/2

[Event "RN-2015-0-01033"]
[Site "LSS email"]
[Date "2015.10.08"]
[Round "?"]
[White "Nesterenko, Tolik"]
[Black "Bester, Kazimierz"]
[Result "1-0"]
[WhiteElo "1118"]
[BlackElo "690"]
[PlyCount "65"]
[EventDate "2015.09.23"]
[EventType "tourn (corr)"]
[EventRounds "6"]
[EventCountry "GER"]
[SourceTitle "Corr 2022"]
[Source "ChessBase"]
[SourceDate "2021.10.24"]
[SourceVersion "1"]
[SourceVersionDate "2021.10.24"]
[SourceQuality "1"]

1. e4 d5 2. e5 Nd7 3. e6 fxe6 4. d4 Ngf6 5. Nf3 c6 6. Bd3 Qc7 7. Qe2 Nb6 8. Ne5 Bd7 9. Bf4 Qd8 10. Bg5 g6 11. Nxg6 Rg8 12. Nxf8 Rxf8 13. Bxf6 exf6 14. Bxh7 Qe7 15. Bg6+ Kd8 16. Bd3 f5 17. 0-0 Qd6 18. Nd2 Rc8 19. Nb3 Rh8 20. f4 Be8 21. Nc5 Bf7 22. Nxb7+ Kc7 23. Nxd6 Kxd6 24. Qe5+ Ke7 25. Rfe1 Rcg8 26. Bxf5 Nd7 27. Qe2 Nf8 28. Bxe6 Bxe6 29. f5 Rh6 30. fxe6 Rxe6 31. Qa6 Kd6 32. Qxa7 Reg6 33. Qe7# 1-0

[Event "ZN-2015-0-03157"]
[Site "LSS email"]
[Date "2015.10.08"]
[Round "?"]
[White "Nesterenko, Tolik"]
[Black "Guaimare Rodriguez, Carlos Luis"]
[Result "0-1"]
[WhiteElo "1118"]
[BlackElo "935"]
[PlyCount "36"]
[EventDate "2015.10.02"]
[EventType "match (corr)"]
[EventRounds "2"]
[EventCountry "GER"]
[SourceTitle "Corr 2022"]
[Source "ChessBase"]
[SourceDate "2021.10.24"]
[SourceVersion "1"]
[SourceVersionDate "2021.10.24"]
[SourceQuality "1"]

1. d4 d5 2. c4 e6 3. Nc3 Nf6 4. Nf3 Be7 5. g3 0-0 6. Bg2 dxc4 7. Ne5 Nc6 8. Bxc6 bxc6 9. Nxc6 Qe8 10. Nxe7+ Qxe7 11. 0-0 Bb7 12. f3 Rfd8 13. e4 c5 14. Bg5 h6 15. Bxf6 Qxf6 16. Qc2 cxd4 17. Na4 Rac8 18. Rfd1 Qxf3 0-1

[Event "ZN-2014-0-02890"]
[Site "LSS email"]
[Date "2014.11.26"]
[Round "?"]
[White "Nejdek, Petr"]
[Black "Nesterenko, Tolik"]
[Result "0-1"]
[WhiteElo "505"]
[BlackElo "879"]
[PlyCount "42"]
[EventDate "2014.11.24"]
[EventType "match (corr)"]
[EventRounds "2"]
[EventCountry "GER"]
[SourceTitle "Corr 2015"]
[Source "ChessBase"]
[SourceDate "2015.07.17"]
[SourceVersion "1"]
[SourceVersionDate "2015.07.17"]
[SourceQuality "1"]

1. e4 e5 2. Nf3 Nc6 3. Bb5 a6 4. Bxc6 dxc6 5. 0-0 Bg4 6. d3 Bd6 7. Nbd2 Ne7 8. Qe1 Ng6 9. h3 Bxf3 10. Nxf3 0-0 11. a3 h6 12. Qe2 f5 13. exf5 Rxf5 14. g4 Rf8 15. Qe4 Nh4 16. Nxh4 Qxh4 17. Qg2 e4 18. f3 exf3 19. Rxf3 Rxf3 20. Qxf3 Rf8 21. Qe3 Bc5 0-1

[Event "ZN-2014-0-02890"]
[Site "LSS email"]
[Date "2014.11.26"]
[Round "?"]
[White "Nesterenko, Tolik"]
[Black "Nejdek, Petr"]
[Result "1-0"]
[WhiteElo "879"]
[BlackElo "505"]
[PlyCount "51"]
[EventDate "2014.11.24"]
[EventType "match (corr)"]
[EventRounds "2"]
[EventCountry "GER"]
[SourceTitle "Corr 2015"]
[Source "ChessBase"]
[SourceDate "2015.07.17"]
[SourceVersion "1"]
[SourceVersionDate "2015.07.17"]
[SourceQuality "1"]

1. e4 e5 2. Nf3 d6 3. Bc4 Be7 4. c3 h6 5. Qb3 Be6 6. Bxe6 fxe6 7. Qxe6 Qd7 8. Qg6+ Kf8 9. 0-0 Bf6 10. d4 Ne7 11. Qg3 Rg8 12. dxe5 dxe5 13. Nxe5 Bxe5 14. Qxe5 Nbc6 15. Qf4+ Ke8 16. Be3 Qe6 17. Qxc7 g5 18. Nd2 b6 19. f4 gxf4 20. Bxf4 Rd8 21. Be3 Qh3 22. g3 Rc8 23. Qf4 Kd7 24. Nc4 Ng6 25. Rad1+ Ke7 26. Qf7# 1-0

[Event "ZN-2014-0-02871"]
[Site "LSS email"]
[Date "2014.11.17"]
[Round "?"]
[White "Cherry, Brian"]
[Black "Nesterenko, Tolik"]
[Result "0-1"]
[WhiteElo "573"]
[BlackElo "879"]
[PlyCount "24"]
[EventDate "2014.11.13"]
[EventType "match (corr)"]
[EventRounds "2"]
[EventCountry "GER"]
[SourceTitle "Corr 2015"]
[Source "ChessBase"]
[SourceDate "2015.07.17"]
[SourceVersion "1"]
[SourceVersionDate "2015.07.17"]
[SourceQuality "1"]

1. e4 e5 2. b3 Nf6 3. d3 Bc5 4. Bb2 Nc6 5. Nf3 d6 6. d4 exd4 7. Nxd4 0-0 8. Nxc6 bxc6 9. Nd2 Ng4 10. Qe2 Bxf2+ 11. Kd1 Bb6 12. c4 Nf2+ 0-1